PROMRZÁNÍ PŮD V ZIMĚ 1955-1956

Podrobná bibliografia
Hlavní autori: Hrbek, Josef (Autor), Krhounek, Slavomír (Autor)
Médium: Článok
Jazyk:čeština

MARC

LEADER 00000nab a2200000ua 4500
001 vtls010841356
003 SK-MaSNL
005 20260303103813.0
008 230121s1957 xo |||||||||||||||||cze|
035 |a (urnnbn)urn:nbn:sk:snk:ar-a06yd5 
035 |a urn:nbn:sk:snk-ab63xb 
035 |a (uuid)e0c26249-2395-469c-81bc-a8fdfa262b9d 
040 |a SNKBUCL  |b slo  |c SNKBUCL  |e AACR2 
041 0 |a cze 
044 |a xo  |c SK 
100 1 |a Hrbek, Josef  |4 aut  |9 1117733 
245 1 0 |a PROMRZÁNÍ PŮD V ZIMĚ 1955-1956  |c Josef Hrbek, Slavomír Krhounek 
700 1 |a Krhounek, Slavomír  |4 aut  |9 1117891 
773 0 |t Meteorologické zprávy  |g Roč. 10, č. 1 (1957), s. 16-23 
954 |a odborná, vedecká literatúra cudzojazyčná (svetová)  |2 lita 
958 |a OND 
958 |a EUIPO 
958 |a article5 
999 |c 1852079  |d 1854009